| 000 | 01372cam a22003495i 4500 | ||
|---|---|---|---|
| 999 |
_c28289 _d28260 |
||
| 001 | ocn886840062 | ||
| 003 | EG-ScBUE | ||
| 005 | 20200308135610.0 | ||
| 008 | 800904t19621958nyuaf f b 001 0 eng d | ||
| 035 | _a(OCoLC)ocn886840062 | ||
| 035 | _a(OCoLC)886840062 | ||
| 040 |
_aLIBRO _beng _erda _cLIBRO _dOCLCO _dTEB _dOCLCF _dOCLCQ _dNUI _dCNUTO _dNLC _dDHA _dOCLCQ _dIUL _dEG-ScBUE |
||
| 082 | 0 | 4 |
_a301.2 _bFIR _222 |
| 100 | 1 |
_aFirth, Raymond, _d1901-2002, _eauthor. _930947 |
|
| 245 | 1 | 0 |
_aHuman types : _ban introduction to social anthropology / _cRaymond Firth, F. B. A., Professor of Anthropology, University of London ; with a new foreword by Walter A. Fairservis, Jr. |
| 250 | _aRevised edition. | ||
| 250 | _aForth printing. | ||
| 264 | 1 |
_aNew York : _bThe American Library of World Literature, _c1962. |
|
| 300 |
_a176 pages, 8 pages of plates : _billustrations ; _c18 cm. |
||
| 336 |
_atext _btxt _2rdacontent |
||
| 337 |
_aunmediated _bn _2rdamedia |
||
| 338 |
_avolume _bnc _2rdacarrier |
||
| 490 | 0 |
_aMentor Books ; _vMP423 |
|
| 504 | _aIncludes bibliographical references and index. | ||
| 590 | _aIn original illustrated wrappers, all edges stained red. | ||
| 650 | 7 |
_aEthnology. _2BUEsh |
|
| 650 | 7 |
_aRace. _2BUEsh |
|
| 653 |
_bHHUUPPSS _cMarch2020 |
||
| 700 | 1 |
_aFairservis, Walter A., _eauthor of introduction, etc. |
|
| 942 |
_2ddc _cBB |
||